Irrigation : Theory and Practice / (Record no. 1761)
[ view plain ]
| 000 -LEADER | |
|---|---|
| fixed length control field | 00329cam a2200133ua 4500 |
| 020 ## - INTERNATIONAL STANDARD BOOK NUMBER | |
| ISBN | 0 7069 0613 6 |
| 082 ## - DEWEY DECIMAL CLASSIFICATION NUMBER | |
| Classification number | 631.587 |
| Item number | MIC/IR |
| 100 ## - MAIN ENTRY--AUTHOR NAME | |
| Personal name | Michael, A.M . |
| 245 ## - TITLE STATEMENT | |
| Title | Irrigation : Theory and Practice / |
| 250 ## - EDITION STATEMENT | |
| Edition statement | 1 / |
| 260 ## - PUBLICATION, DISTRIBUTION, ETC. (IMPRINT) | |
| Place of publication | : |
| Name of publisher | Vikas Publishing House , |
| Year of publication | 1978. |
| 300 ## - PHYSICAL DESCRIPTION | |
| Number of Pages | 800 : |
| Other physical details | ` ; . |
| 942 ## - ADDED ENTRY ELEMENTS (KOHA) | |
| Koha item type | Books |
| Withdrawn status | Lost status | Damaged status | Home library | Current library | Date acquired | Full call number | Accession Number | Koha item type |
|---|---|---|---|---|---|---|---|---|
| KAUAET | KAUAET | 07/04/2012 | 631.587 | 14292 | Books |
